000
00274nam a22001217a 4500
999
_c
528449
_d
528449
003
NUST
038
_a
MSOHAIL
082
_a
0
245
_a
Transportation Research Record Journal: No.2095 (Vol-3)
260
_a
Washington
_b
TRB
_c
2009
300
_a
151,p;,
942
_2
ddc
_c
BK